| 000 | nam a22 7a 4500 | ||
|---|---|---|---|
| 999 |
_c129189 _d129189 |
||
| 008 | 190312b xxu||||| |||| 00| 0 eng d | ||
| 020 | _a9780801038266 | ||
| 050 | _aBS2397.S468 2010 | ||
| 100 |
_aSchreiner, Thomas R. _91752 |
||
| 245 |
_aMagnifying God in Christ _ba summary of the New Testament Theology _cThomas R. Schreiner |
||
| 260 |
_aMichigan _bBaker Academic _c2010 |
||
| 300 |
_a272p. ; _c23cm. |
||
| 650 |
_aBible. N.T. _xTheology _937762 |
||
| 942 |
_2lcc _cMONOGRAPH |
||